000 01474 a2200253 4500
003 Nust
005 20220728144222.0
010 _a 96009378
020 _a0387946306 (New York : acid-free paper)
040 _cNust
082 0 0 _a510.1135,ZAC
100 1 _aZachary, Joseph L.
_995658
245 1 0 _aIntroduction to scientific programming : (Include Floppy Disk)
_bcomputational problem solving using Maple and C /
_cJoseph L. Zachary.
246 3 0 _aScientific programming
260 _aNew York :
_bTELOS,
_cc1996.
300 _axxiv, 380 p. :
_bill. ;
_c24 cm. +
_e1 computer disk (3 1/2 in.)
505 _aComputational Science (Page-1), Computational (Page-11), Significant Digits (Page-29), Accumulation (Page-45), Programmer defined (Page-63), Symbolic Computation (Page-77), Scientific (Page-95), Symbolic (Page-117), Straight-line (Page-177), Conditionals (Page-199), Designing With (Page-219), Repetition (Page-239), Multiple File (Page-261), Structures (Page-289), Arrays (Page-313), Arrays (Page-337), Procedural (Page-137), Introduction To C (Page-161), A Maple Functions And Constants (Page-361).
650 0 _aC (Computer program language)
_91226
650 0 _aComputer programming.
651 _a(Include Floppy Disk)
_993875
856 4 2 _3Publisher description
_uhttp://www.loc.gov/catdir/enhancements/fy0812/96009378-d.html
856 4 2 _3Table of contents only
_uhttp://www.loc.gov/catdir/enhancements/fy0812/96009378-t.html
942 _cREF
_2ddc
999 _c188711
_d188711